000 00617cam a22001934a 4500
020 _a155963779X (acidfree)
040 _cDLC
082 0 0 _a599 ISL 2000 A026 Or.
100 1 _aEhrlich, Paul R.
245 1 0 _aHuman natures :
_bgenes, cultures, and the human prospect /
260 _aWashington, D.C. :
_bIsland Press [for] Shearwater Books,
_cc2000.
300 _axii, 531 p. :
_bill., maps ;
_c24 cm.
650 0 _aHuman evolution.
650 0 _aSocial evolution.
650 0 _aHuman behavior.
650 0 _aHuman beings
856 4 2 _uhttp://www.loc.gov/catdir/enhancements/fy0666/00010436-d.html
942 _cEK
999 _c13765
_d13765